[Event "SVK-chT2A 2223"]
[Site "Slovakia"]
[Date "2023.02.11"]
[Round "8.7"]
[White "Podjavorinsky, Michal"]
[Black "Loisch, Teodor"]
[Result "1-0"]
[WhiteElo "1908"]
[BlackElo "1475"]
[PlyCount "85"]
[EventDate "2022.10.08"]
[EventType "team-tourn"]
[EventRounds "11"]
[EventCountry "SVK"]
[SourceTitle "EXT 2024"]
[Source "ChessBase"]
[SourceDate "2023.10.10"]
[SourceVersion "1"]
[SourceVersionDate "2023.10.10"]
[SourceQuality "1"]
[WhiteTeam "Piestany Kupele"]
[BlackTeam "Senec"]
[WhiteTeamCountry "SVK"]
[BlackTeamCountry "SVK"]

1. e4 e5 2. Nf3 Nc6 3. d4 exd4 4. Bc4 Be7 5. c3 d6 6. cxd4 Nf6 7. Nc3 0-0 8. h3 a6 9. Be3 b5 10. Bd3 Bb7 11. 0-0 Nb4 12. Bb1 Nc6 13. Nh2 b4 14. Ne2 a5 15. f4 Ba6 16. Re1 Bxe2 17. Qxe2 Qb8 18. Qc2 Qb7 19. d5 b3 20. Qxc6 Qxc6 21. dxc6 bxa2 22. Rxa2 Rfb8 23. Nf3 h6 24. Bd4 Nh5 25. Be3 a4 26. Bc2 Nf6 27. Rea1 d5 28. e5 Ne4 29. Rxa4 Rxa4 30. Rxa4 Rxb2 31. Bxe4 dxe4 32. Rxe4 Rc2 33. Nd4 Rc4 34. Kf2 Bc5 35. Kf3 Bxd4 36. Rxd4 Rxc6 37. Rd8+ Kh7 38. Rd1 Re6 39. Rc1 c6 40. Rc5 Kg6 41. Ra5 f6 42. exf6 gxf6 43. f5+ 1-0

[Event "Bratislava Doprastav op"]
[Site "Bratislava"]
[Date "2010.07.06"]
[Round "7"]
[White "Loisch, Teodor"]
[Black "Romhanyi, Milan"]
[Result "0-1"]
[WhiteElo "1478"]
[BlackElo "1000"]
[PlyCount "102"]
[EventDate "2010.07.02"]
[EventType "swiss"]
[EventRounds "9"]
[EventCountry "SVK"]
[SourceTitle "EXT 2012"]
[Source "ChessBase"]
[SourceDate "2011.11.24"]
[SourceVersion "1"]
[SourceVersionDate "2011.11.24"]
[SourceQuality "1"]

1. Nf3 Nc6 2. e4 e5 3. Nc3 Nf6 4. Bb5 Nd4 5. Nxe5 Nxe4 6. Nxe4 Nxb5 7. d3 Qe7 8. c4 Qxe5 9. cxb5 d5 10. 0-0 dxe4 11. Re1 Qxb5 12. dxe4 Bc5 13. Bf4 Qxb2 14. Kh1 0-0 15. Re2 Qd4 16. Rd2 Qxe4 17. Bxc7 Be6 18. Rc1 Qc6 19. Bd6 b6 20. Bxf8 Kxf8 21. Rd6 Qe8 22. Rd3 Ke7 23. Qf3 Rd8 24. Qb7+ Rd7 25. Rxd7+ Qxd7 26. Qe4 h6 27. Qh4+ Kf8 28. Qe4 Qd5 29. Qf4 Qxa2 30. Rd1 a5 31. Qb8+ Bc8 32. Qxc8+ Ke7 33. Qd7+ Kf6 34. Qc6+ Qe6 35. Qf3+ Kg6 36. Qg3+ Kh7 37. Qd3+ Qg6 38. Qf3 Qc2 39. Rf1 a4 40. Qxf7 a3 41. f4 a2 42. f5 Qb1 43. Qg6+ Kg8 44. Qe8+ Bf8 45. Qe6+ Kh8 46. Qe1 Qb2 47. Qa1 Ba3 48. Qe1 Bf8 49. Qe8 a1Q 50. Qxf8+ Kh7 51. Kg1 Qd4+ 0-1

[Event "Bratislava Doprastav op"]
[Site "Bratislava"]
[Date "2010.07.03"]
[Round "2"]
[White "Loisch, Teodor"]
[Black "Hornak, Pavol"]
[Result "0-1"]
[WhiteElo "1478"]
[BlackElo "1780"]
[PlyCount "120"]
[EventDate "2010.07.02"]
[EventType "swiss"]
[EventRounds "9"]
[EventCountry "SVK"]
[SourceTitle "EXT 2012"]
[Source "ChessBase"]
[SourceDate "2011.11.24"]
[SourceVersion "1"]
[SourceVersionDate "2011.11.24"]
[SourceQuality "1"]

1. d4 Nf6 2. Nf3 d5 3. e3 e6 4. Be2 c5 5. 0-0 cxd4 6. Nxd4 Be7 7. Nf3 0-0 8. b3 Nc6 9. Bb2 Ne4 10. c3 Bf6 11. Qc2 Ng5 12. Nbd2 Nxf3+ 13. Nxf3 Bd7 14. Bd3 g6 15. Rfe1 Rc8 16. Qd2 Ne5 17. Nxe5 Bxe5 18. c4 Bxb2 19. Qxb2 dxc4 20. Bxc4 Bc6 21. Qe5 Qe7 22. Red1 Rfd8 23. Rd4 Rxd4 24. Qxd4 a6 25. Rd1 b5 26. Be2 Qb7 27. Qg4 Bd5 28. Bf3 Bxf3 29. Qxf3 Qxf3 30. gxf3 Rc2 31. Ra1 Rb2 32. Kg2 Kg7 33. Kg3 e5 34. e4 h5 35. h3 g5 36. Kg2 Kg6 37. Kg3 h4+ 38. Kg2 f5 39. exf5+ Kxf5 40. Kf1 Kf4 41. Kg2 a5 42. a4 b4 43. Rc1 Rxb3 44. Rc7 Kf5 45. Rc5 Rb1 46. Rxa5 b3 47. Rb5 b2 48. a5 Ra1 49. Rxb2 Rxa5 50. Rb4 Rd5 51. Rg4 Rd4 52. Kf1 Rxg4 53. fxg4+ Kf4 54. Ke2 e4 55. Kf1 Kf3 56. Kg1 e3 57. fxe3 Kxe3 58. Kg2 Ke2 59. Kg1 Kf3 60. Kh2 Kf2 0-1